[Event "2nd Open"]
[Site "Rethymno GRE"]
[Date "2010.07.16"]
[Round "5"]
[White "Guidi,Mau"]
[Black "Martin Alvarez,I"]
[Result "0-1"]
[WhiteElo "2078"]
[BlackElo "2321"]

1.e4 g6 2.d4 Bg7 3.Nc3 d6 4.Be3 a6 5.a4 b6 6.Qd2 Nd7 7.Bc4 e6 8.Nge2 h6 9.O-O Ne7
10.f4 Nf6 11.h3 d5 12.Bd3 Bb7 13.e5 Nd7 14.b4 c5 15.bxc5 bxc5 16.dxc5 Qc7
17.Bb5 Nf5 18.Bxd7+ Qxd7 19.Bf2 Bf8 20.Rfd1 d4 21.Nxd4 Qc7 22.c6 Bxc6 23.Nxc6 Qxc6
24.Ne4 Be7 25.Nf6+ Kf8 26.Qe2 Rc8 27.Rab1 h5 28.a5 Kg7 29.Rb6 Qa4 30.Rxa6 Rxc2
31.Qd3 Rd8 32.Qxd8 Bxd8 33.Rxd8 Rc1+ 34.Kh2 Qxf4+  0-1

[Event "Canadian Open"]
[Site "Toronto CAN"]
[Date "2010.07.16"]
[Round "7"]
[White "Betaneli,A"]
[Black "Shabalov,A"]
[Result "0-1"]
[WhiteElo "2271"]
[BlackElo "2578"]

1.e4 g6 2.d4 Bg7 3.Nc3 d6 4.Nf3 a6 5.a4 Nc6 6.h3 Nf6 7.Be3 O-O 8.Be2 e5 9.dxe5 dxe5
10.Bc5 Re8 11.a5 Qxd1+ 12.Bxd1 Be6 13.Ng5 Bc4 14.b3 Bb5 15.Be3 Nd4 16.Nf3 Bf8
17.Nxb5 Nxb5 18.Nd2 Bb4 19.Ra4 c5 20.O-O Rad8 21.Nb1 Nxe4 22.Bxc5 Bxc5 23.Rxe4 Bd4
24.c4 Nd6 25.Re2 e4 26.Bc2 f5 27.Rd1 Nf7 28.Red2 e3 29.Re2 f4 30.fxe3 fxe3
31.b4 Kg7 32.c5 Ne5 33.Be4 Re7 34.Na3 Nf7 35.Bf3 Bc3 36.Rxd8 Nxd8 37.Nc2 Bd2
38.g3 Kf6 39.Kg2 Re5 40.h4 Ke7 41.Bg4 Nc6 42.Bc8 Nxb4 43.Nxb4 Bxb4 44.Bxb7 Bd2
45.c6 Kd6 46.Bxa6 Kxc6 47.Bc4 Rxa5 48.Bg8 Ra7 49.Kf3 Kc5 50.Ke4 Rg7 51.Bb3 Re7+
52.Kd3 Rd7+ 53.Ke4 Kb4 54.Bd5 Kc3 55.Bc6 Rd6 56.Bb7 Re6+ 57.Kd5 Rb6 58.Bc8 Kd3
59.Bg4 h5 60.Bf3 Rf6  0-1

[Event "ZDMI Open"]
[Site "Dresden GER"]
[Date "2010.07.18"]
[Round "9"]
[White "Zherebukh,Y"]
[Black "Gutman,L"]
[Result "1-0"]
[WhiteElo "2572"]
[BlackElo "2425"]

1.e4 d6 2.d4 g6 3.Nc3 Bg7 4.Be3 c6 5.Qd2 b5 6.f3 Nd7 7.Bd3 Nb6 8.Nge2 Nf6
9.O-O O-O 10.Bh6 e5 11.dxe5 dxe5 12.Bxg7 Kxg7 13.Qe3 Qe7 14.a4 b4 15.Nd1 Be6
16.Qf2 Nh5 17.a5 Nc4 18.g4 Nf6 19.Ng3 Na3 20.Ne3 Kh8 21.b3 Nd7 22.Rfd1 Rfd8
23.Bf1 Nf6 24.a6 Qc5 25.Rac1 Nb5 26.g5 Nd7 27.Bxb5 Qxb5 28.Rd6 Nb6 29.Rcd1 Rxd6
30.Rxd6 Qxa6 31.Qd2 Qb7 32.Rd8+ Kg7 33.Nef5+ gxf5 34.exf5 h6 35.gxh6+ Kh7
36.Qg5  1-0

[Event "Andorra Open"]
[Site "La Massana AND"]
[Date "2010.07.18"]
[Round "2"]
[White "Gonzalez Vidal,Y"]
[Black "Lillo Ferrer,J"]
[Result "1/2-1/2"]
[WhiteElo "2522"]
[BlackElo "2155"]

1.e4 g6 2.d4 Bg7 3.Nc3 d6 4.f4 a6 5.Be3 b5 6.Bd3 Nd7 7.e5 Bb7 8.Nf3 c5 9.Be4 Bxe4
10.Nxe4 Nh6 11.Qe2 O-O 12.e6 fxe6 13.Nfg5 cxd4 14.Nxe6 Qb6 15.Bf2 Qa5+ 16.Qd2 Qxd2+
17.Kxd2 Nc5 18.N4g5 Nf7 19.Nxf8 Nxg5 20.fxg5 Rxf8 21.Rhf1 Ne4+ 22.Ke2 Rc8
23.Kd3 Nc5+ 24.Kd2 Ne4+ 25.Kd3 Nc5+ 26.Kd2 Ne4+  1/2-1/2

[Event "Open A"]
[Site "Oberwart AUT"]
[Date "2010.07.18"]
[Round "6"]
[White "Radnetter,G"]
[Black "Wagner,Stef AUT"]
[Result "1-0"]
[WhiteElo "2295"]
[BlackElo "2159"]

1.e4 g6 2.d4 Bg7 3.Nc3 d6 4.f4 e6 5.Nf3 Ne7 6.Be3 Nd7 7.Qd2 b6 8.O-O-O Bb7
9.Be2 a6 10.h4 Nf6 11.Bd3 h6 12.Qe2 d5 13.e5 Ng4 14.h5 Nxe3 15.Qxe3 Nf5 16.Qf2 Qd7
17.hxg6 fxg6 18.g4 Ne7 19.Nh4 O-O-O 20.Nxg6 Rhg8 21.Nxe7+ Qxe7 22.Qe2 b5
23.f5 Qg5+ 24.Kb1 Bf8 25.fxe6 c5 26.Bf5 Kb8 27.dxc5 Bxc5 28.Rh3 Qg7 29.e7 Qxe7
30.Rxh6 Rg7 31.a3 Qc7 32.Rh3 d4 33.Na2 Rd5 34.e6 Re5 35.Qd2 Be4 36.Nb4 Bxb4
37.axb4 Rxf5 38.gxf5 Rg2 39.Qxd4 Qxc2+ 40.Ka1 Qa4+ 41.Ra3  1-0

[Event "2nd Open"]
[Site "Rethymno GRE"]
[Date "2010.07.18"]
[Round "7"]
[White "Balaskas,P"]
[Black "Martin Alvarez,I"]
[Result "0-1"]
[WhiteElo "2074"]
[BlackElo "2321"]

1.e4 g6 2.d4 Bg7 3.Nc3 d6 4.Be3 a6 5.f4 b5 6.a3 Nd7 7.Qf3 Bb7 8.g4 c5 9.d5 e6
10.dxe6 fxe6 11.Nh3 d5 12.exd5 Bxc3+ 13.bxc3 Bxd5 14.Qe2 Bxh1 15.O-O-O Qa5
16.Ng5 O-O-O 17.Bg2 Bxg2 18.Qxg2 Ne7 19.Nxe6 Qxa3+ 20.Kb1 Nb6 21.Nxd8 Rxd8
22.Rxd8+ Kxd8 23.Qb7 Na4  0-1

[Event "XIV Battle Of Senta"]
[Site "Senta SRB"]
[Date "2010.07.18"]
[Round "3"]
[White "Nestorovic,L"]
[Black "Dolnik,A"]
[Result "0-1"]
[WhiteElo "2310"]
[BlackElo "2183"]

1.e4 d6 2.d4 g6 3.Nc3 Bg7 4.Bg5 c5 5.dxc5 Qa5 6.Qd2 Qxc5 7.Nd5 Be6 8.Be3 Qc8
9.Bd4 Nf6 10.Nxf6+ exf6 11.O-O-O O-O 12.Kb1 d5 13.exd5 Bxd5 14.Ne2 Nc6 15.Bc3 Rd8
16.Qc1 Qc7 17.Nd4 Ne5 18.f3 a6 19.Be2 b5 20.h4 Nc4 21.h5 Rab8 22.Be1 f5 23.c3 b4
24.Ka1 Nxb2 25.Qxb2 bxc3 26.Qxc3 Qb6 27.Bf2 Rdc8 28.Qd2 Bh6 29.Nb5 Qxf2 30.Qxh6 Qxe2
31.Rd2 Qe5+ 32.Nd4 Rb7 33.hxg6 fxg6 34.Rhd1 Rcb8 35.Qh4 Qe3 36.Rc2 Bxa2 37.Kxa2 Rb4
38.Nxf5 Qb3+ 39.Ka1 Qa4+  0-1

[Event "ch-USA w"]
[Site "St Louis USA"]
[Date "2010.07.18"]
[Round "8"]
[White "Marinello,B"]
[Black "Rohonyan,K"]
[Result "0-1"]
[WhiteElo "2160"]
[BlackElo "2319"]

1.e4 g6 2.d4 Bg7 3.Nc3 d6 4.g3 Nf6 5.Bg2 O-O 6.Nge2 c6 7.O-O e5 8.h3 Nbd7
9.Re1 Qc7 10.Be3 b5 11.a3 Bb7 12.Qd2 Rfe8 13.Bh6 Bh8 14.Rad1 Rad8 15.Bg5 a6
16.d5 Nb6 17.dxc6 Bxc6 18.Qc1 Rc8 19.Rd3 Nfd7 20.Red1 Re6 21.Nd5 Bxd5 22.exd5 Ree8
23.Rc3 Qb7 24.Rc6 e4 25.Rxc8 Qxc8 26.c3 Nc5 27.Be3 Nd3 28.Qc2 Nxd5 29.Bd4 Bxd4
30.Nxd4 Nf6 31.Rd2 d5 32.Re2 Nd7 33.f3 f5 34.g4 Nf4 35.gxf5 Nxe2+ 36.Qxe2 Nf6
37.Qe3 exf3 38.Qxf3 Re1+ 39.Kf2 Re7 40.fxg6 Ne4+ 41.Kg1 hxg6 42.Qf4 Qf8 43.Qh4 Kg7
44.Qg4 Qf2+ 45.Kh2 Nd2 46.h4 Re4 47.Qd7+ Kh6  0-1

[Event "Corporation Centre Cup"]
[Site "Izhevsk RUS"]
[Date "2010.07.20"]
[Round "6"]
[White "Shukh,N"]
[Black "Lykov,S"]
[Result "1-0"]
[WhiteElo "2459"]
[BlackElo "2223"]

1.e4 g6 2.d4 Bg7 3.Nc3 d6 4.Bg5 Nc6 5.d5 Nb8 6.Qd2 Nd7 7.f4 c6 8.O-O-O Ngf6
9.dxc6 bxc6 10.e5 dxe5 11.fxe5 Ng4 12.e6 fxe6 13.Bc4 Qa5 14.Nf3 Nde5 15.Nxe5 Nxe5
16.Bb3 Nf7 17.Be3 O-O 18.Rhf1 Ba6 19.Rf4 Rad8 20.Qe1 Bc8 21.Ra4 Qe5 22.g3 Rxd1+
23.Nxd1 Nd6 24.Rxa7 Nf5 25.Bd2 Qd6 26.Bf4 Qd4 27.Rc7 Kh8 28.Rxc6 e5 29.Bd2 Bd7
30.Rc4 Qa7 31.c3 Rb8 32.Qf2 Qa8 33.Rc7 Bc6 34.Ra7  1-0

[Event "Andorra Open"]
[Site "La Massana AND"]
[Date "2010.07.20"]
[Round "4"]
[White "Shiven,K"]
[Black "Almeida Quintana,O"]
[Result "0-1"]
[WhiteElo "2335"]
[BlackElo "2559"]

1.e4 g6 2.d4 Bg7 3.Nc3 d6 4.Be3 a6 5.a4 Nc6 6.Nf3 Bg4 7.Be2 Nf6 8.O-O O-O
9.Qd2 Re8 10.d5 Bxf3 11.Bxf3 Ne5 12.Be2 c6 13.Bg5 Qa5 14.dxc6 bxc6 15.Nd5 Qxd2
16.Nxf6+ Bxf6 17.Bxd2 Nd7 18.Ra2 a5 19.Rb1 Reb8 20.Kf1 Ra7 21.Bc4 e6 22.Ke2 d5
23.Bd3 Raa8 24.f4 Nc5 25.e5 Be7 26.Bc3 Nd7 27.b3 f6 28.Rf1 fxe5 29.fxe5 Bd8
30.Raa1 Bc7 31.Rae1 Rf8 32.Kd1 Rxf1 33.Bxf1 Rf8 34.Be2 Kf7 35.Bg4 Ke7 36.Bb2 h5
37.Bh3 g5 38.g4 Rf3 39.Bf1 hxg4 40.Be2 Re3 41.Rg1 Bxe5 42.Bc1 Rh3 43.Bxg5+ Kd6
44.Bxg4 Rxh2 45.Bd2 Nf6 46.Be2 Ne4 47.Bxa5 Bd4 48.Rf1 Bc3 49.Bb6 Ng3 50.Rf7 Rh1+
51.Bf1 Nxf1 52.Bc7+ Kc5 53.Ke2 Nd2  0-1

[Event "2nd Open"]
[Site "Rethymno GRE"]
[Date "2010.07.20"]
[Round "9"]
[White "Tukhaev,A"]
[Black "Martin Alvarez,I"]
[Result "1-0"]
[WhiteElo "2518"]
[BlackElo "2321"]

1.e4 g6 2.d4 Bg7 3.Nc3 d6 4.Be3 a6 5.a4 b6 6.Nf3 e6 7.Bc4 Nd7 8.O-O Bb7 9.Qd2 h6
10.Rad1 Ne7 11.Rfe1 Nf6 12.d5 e5 13.h3 g5 14.Bd3 Ng6 15.Ne2 Nh5 16.Ng3 Nhf4
17.Bf1 h5 18.Nf5 Rg8 19.g3 g4 20.hxg4 hxg4 21.Nh2 Qg5 22.Be2 Rh8 23.Nxg4 Kf8
24.Nxg7 Kxg7 25.gxf4 exf4 26.Bd4+ Ne5 27.Qc3 Rae8 28.Kg2 Bc8 29.Rg1 Bxg4
30.f3 Qh4 31.Kf1 Qh3+ 32.Ke1 Kf8 33.Rxg4 f5 34.Rg1 fxe4 35.fxe4 f3 36.Bxe5 fxe2
37.Bxd6+  1-0

[Event "XII Open"]
[Site "Sant Marti ESP"]
[Date "2010.07.20"]
[Round "8"]
[White "Perpinya Rofes,L"]
[Black "Fabregas Fontanet,A"]
[Result "1-0"]
[WhiteElo "2344"]
[BlackElo "2026"]

1.e4 g6 2.d4 Bg7 3.Nc3 d6 4.Nf3 Nf6 5.Be2 O-O 6.O-O c6 7.a4 a5 8.Be3 Na6
9.Nd2 e5 10.dxe5 dxe5 11.Nc4 Qe7 12.Bb6 Nc5 13.Qd2 Be6 14.Rfd1 Nfd7 15.Bc7 Bxc4
16.Bxc4 Rfe8 17.Qe3 Ne6 18.Bxe6 Qxe6 19.Rd6 Qe7 20.Rad1 Nf6 21.Qb6 Rac8 22.Bd8  1-0

[Event "XIX ch-Macedonia Open"]
[Site "Struga MKD"]
[Date "2010.07.20"]
[Round "4"]
[White "Koskoska,G"]
[Black "Glavinac,G"]
[Result "1/2-1/2"]
[WhiteElo "2152"]
[BlackElo "2168"]

1.e4 g6 2.d4 Bg7 3.Nc3 d6 4.Nf3 Bg4 5.Be3 c6 6.Be2 e6 7.O-O Ne7 8.Qd2 O-O
9.Bh6 Nd7 10.Bxg7 Kxg7 11.Ne1 Bxe2 12.Nxe2 Qb6 13.Nd3 e5 14.dxe5 dxe5 15.Kh1 Rad8
16.Qc3 f6 17.f4 Qe3 18.Ng3 exf4 19.Rae1 Qb6 20.Nxf4 c5 21.Qc4 Ne5 22.Ne6+ Kg8
23.Qb3 Qxb3 24.axb3 Kf7 25.Nxd8+ Rxd8 26.Rd1 Rxd1 27.Rxd1 N7c6 28.h3 Ke6
29.Ne2 Nf7 30.Rd5 b6 31.Nf4+ Ke7 32.h4 Nd6 33.g4 Nxe4 34.g5 Nd4 35.b4 Nxc2
36.gxf6+ Kxf6 37.bxc5 Nxc5 38.Kh2 Ne3 39.Rd8 Ke5 40.Ne2 Ng4+ 41.Kg3 Nf6 42.b4 Na6
43.Ra8 Nxb4 44.Rxa7 Nbd5 45.Ng1 b5 46.Nf3+ Kd6 47.Nd4 b4 48.Rb7 Kc5 49.Nb3+ Kc4
50.Na5+ Kc3 51.Kf3 Kd4 52.Nb3+ Ke5 53.Nc5 Kf5 54.Nd3 h6 55.Nxb4 Nxb4 56.Rxb4 g5
57.Rb5+ Kg6 58.hxg5 hxg5 59.Ra5 Kh5 60.Ra6 Kg6 61.Ra5 Kh5 62.Ke3 Kg4 63.Ra2 Kf5  1/2-1/2

[Event "25th Touraine Open"]
[Site "Avoine FRA"]
[Date "2010.07.21"]
[Round "5"]
[White "Sobry,S"]
[Black "Frick,C"]
[Result "0-1"]
[WhiteElo "2077"]
[BlackElo "2224"]

1.e4 g6 2.d4 Bg7 3.Nc3 d6 4.f4 a6 5.Nf3 b5 6.Bd3 Nd7 7.e5 c5 8.Be4 Rb8 9.O-O cxd4
10.Qxd4 Nh6 11.Qa7 O-O 12.h3 Nf5 13.Bxf5 gxf5 14.exd6 exd6 15.Rd1 Bb7 16.Qe3 Nc5
17.Nd4 Re8 18.Qg3 Ne4 19.Nxe4 Bxe4 20.c3 Kh8 21.Be3 b4 22.c4 Qe7 23.Bf2 Rg8
24.Qe3 Rbe8 25.g3 Qb7 26.Qe2 Bg2 27.Qd3 Bxh3 28.Qf3 Re4 29.Rd2 Rge8 30.Nb3 Re1+
31.Rxe1 Rxe1+ 32.Bxe1 Qxf3 33.c5 Qf1+ 34.Kh2 Bf6 35.c6 Bd8 36.Nc5 Qxe1 37.Rxd6 Bb6  0-1

[Event "Sparkassen Open A"]
[Site "Dortmund GER"]
[Date "2010.07.21"]
[Round "5"]
[White "Grahl,Matthias"]
[Black "Richters,M"]
[Result "1/2-1/2"]
[WhiteElo "1776"]
[BlackElo "1951"]

1.e4 d6 2.d4 g6 3.Nc3 Bg7 4.Be3 Nf6 5.f3 h5 6.Qd2 Nbd7 7.Bd3 e5 8.d5 a6 9.Nge2 b5
10.a3 Nb6 11.b3 Bb7 12.a4 b4 13.Nd1 Nfxd5 14.Bg5 f6 15.exd5 fxg5 16.Qxg5 Kf8
17.Be4 a5 18.Ne3 Bc8 19.O-O-O Nd7 20.Ng3 Nc5 21.Ngf5 Bd7 22.Nxg7 Kxg7 23.h4 Kf8
24.Rdf1 Qxg5 25.hxg5  1/2-1/2

[Event "Open A"]
[Site "Oberwart AUT"]
[Date "2010.07.21"]
[Round "9"]
[White "Schwarhofer,C"]
[Black "Tescaro,S"]
[Result "1-0"]
[WhiteElo "2236"]
[BlackElo "1982"]

1.e4 g6 2.d4 Bg7 3.Nc3 d6 4.f4 a6 5.Nf3 b5 6.a4 b4 7.Nd5 a5 8.c3 c6 9.Ne3 Nd7
10.Bc4 e6 11.O-O Ne7 12.f5 Nf6 13.e5 Ne4 14.f6 Nxf6 15.exf6 Bxf6 16.Ng4  1-0

[Event "XIV Battle Of Senta"]
[Site "Senta SRB"]
[Date "2010.07.21"]
[Round "6"]
[White "Ujhazi,M"]
[Black "Radovanovic,Mil"]
[Result "0-1"]
[WhiteElo "2137"]
[BlackElo "2116"]

1.e4 d6 2.d4 g6 3.Nc3 Bg7 4.Be3 Nf6 5.f3 O-O 6.Qd2 e5 7.d5 c5 8.dxc6 bxc6
9.Rd1 Ne8 10.Bc4 Qc7 11.Nge2 Be6 12.Bb3 Nd7 13.O-O Nb6 14.Qd3 a5 15.Na4 Nxa4
16.Bxa4 f5 17.c4 Rb8 18.Rd2 fxe4 19.fxe4 Rxf1+ 20.Kxf1 Qf7+ 21.Kg1 Bxc4 22.Qc3 d5
23.Qxa5 d4 24.Bg5 h6 25.Bh4 Bxe2 26.Rxe2 Qf4 27.Qa7 Rxb2 28.Rxb2 Qc1+ 29.Bd1 Qxb2
30.Bb3+ Kh7 31.h3 g5 32.Bg3 Qb1+ 33.Kh2 Qxe4 34.Qa4 Kh8 35.Qa8 Qg6 36.Ba4 Kh7
37.Bxc6 Nd6 38.Qd8 Qf6 39.Qb8 h5 40.Bd5 h4 41.Be1 e4 42.Qg8+ Kh6 43.Bb4 Nf5
44.Qa8 Qe5+ 45.Kg1 e3 46.Qa6+ Qf6 47.Qd3 Ng3 48.Bf3 Qe6 49.Be1 Qxa2 50.Bxg3 hxg3
51.Qd1 Qf2+ 52.Kh1 d3 53.Qc1 Bf6  0-1

[Event "Sparkassen Open A"]
[Site "Dortmund GER"]
[Date "2010.07.22"]
[Round "6"]
[White "Steinmetzer,T"]
[Black "Bub,V"]
[Result "1/2-1/2"]
[WhiteElo "2114"]
[BlackElo "2193"]

1.e4 g6 2.d4 Bg7 3.Nc3 d6 4.f4 e6 5.Nf3 Ne7 6.Be3 b6 7.Qd2 Bb7 8.O-O-O Nd7
9.d5 exd5 10.exd5 O-O 11.Bd4 Nf6 12.Bc4 a6 13.a3 b5 14.Ba2 Qd7 15.Qd3 Qg4
16.g3 Rfe8 17.h3 Qf5 18.Bf2 Qxd3 19.Rxd3 h5 20.Rg1 Kf8 21.Ng5 Neg8 22.Bd4 Re7
23.b4 Bc8 24.Kb2 Bf5 25.Rdd1 Bh6 26.h4 Bxg5 27.hxg5 Ne4 28.Bb3 Bg4 29.Ra1 Nd2
30.Bf2 Nf3 31.Rgd1 f6 32.gxf6 Nxf6 33.a4 Rb8 34.axb5 axb5 35.Ra7 Bf5 36.Rda1 Ng4
37.Ra8 Ree8 38.Rxb8 Rxb8 39.Ba7 Rb7 40.Ra5 Bd7 41.Ne2 Nf6 42.Kc3 Bf5 43.Kb2 Ne4
44.Be3 Bd7 45.Ra8+ Be8 46.Kc1 Ke7 47.c3 Bf7 48.Kc2 Nf6 49.Kd3 Bxd5 50.Bxd5 Nxd5
51.Ke4 Nxe3 52.Kxe3 Nh2 53.Nd4 Ng4+ 54.Ke4 c5 55.bxc5 dxc5 56.Nc6+ Kd6 57.Ra6 Nf6+
58.Kd3 Nd7 59.Ne5+ Rb6 60.Rxb6+ Nxb6 61.Nxg6  1/2-1/2

[Event "Andorra Open"]
[Site "La Massana AND"]
[Date "2010.07.22"]
[Round "6"]
[White "Vehi Bach,V"]
[Black "Lillo Ferrer,J"]
[Result "1/2-1/2"]
[WhiteElo "2405"]
[BlackElo "2155"]

1.e4 g6 2.d4 Bg7 3.Nc3 d6 4.Be3 a6 5.f4 b5 6.Nf3 Bb7 7.Bd3 Nd7 8.Qe2 c5 9.dxc5 Nxc5
10.Bxc5 Bxc3+ 11.bxc3 dxc5 12.e5 Nh6 13.O-O Qb6 14.Kh1 Rd8 15.a4 c4 16.Be4 Bxe4
17.Qxe4 Nf5 18.axb5 axb5 19.Rae1 e6 20.Ng5 h6 21.Nf3 h5 22.Ng5 Kf8 23.Qe2 h4
24.Rf3 Kg7 25.Ne4 Ra8 26.Rh3 Ra2 27.g4 hxg3 28.Rxh8 Kxh8 29.hxg3 Kg7 30.g4 Ne7
31.Ng5 Qb7+ 32.Kh2 Qa8 33.Qf2 Ng8 34.Kg3 Nh6 35.Ne4 Ra1 36.Rxa1 Qxa1 37.Qe2 Qg1+
38.Qg2 Qe1+ 39.Kf3 Qd1+  1/2-1/2

[Event "XXXVI Open"]
[Site "Sitges ESP"]
[Date "2010.07.22"]
[Round "1"]
[White "Eguia Cambero,I"]
[Black "Karlsson,L"]
[Result "0-1"]
[WhiteElo "1925"]
[BlackElo "2449"]

1.e4 d6 2.d4 g6 3.Nc3 Bg7 4.Bg5 Nc6 5.Bb5 a6 6.Bxc6+ bxc6 7.Nge2 a5 8.O-O Ba6
9.f4 Nf6 10.Qd2 Rb8 11.Rab1 O-O 12.a3 Nd7 13.Rf3 c5 14.d5 Qe8 15.Rh3 Bxe2
16.Qxe2 e6 17.Bh6 Bxh6 18.Rxh6 Nf6 19.Qf3 exd5 20.Nxd5 Nxd5 21.exd5 Qa4 22.Qc3 Qxf4
23.Rh3 Rfe8 24.Rf1 Qd4+ 25.Qxd4 cxd4 26.b3 Re2 27.Rf2 Re5 28.Rd2 Rxd5 29.c4 Re5
30.Rxd4 Re1+ 31.Kf2 Ra1 32.a4 Ra2+ 33.Kf1 Re8 34.Rdd3 Ree2 35.Rhg3 Reb2 36.Ke1 f5
37.Rd5 Kf7 38.h3 Kf6 39.Rdd3 g5  0-1

[Event "XIX ch-Macedonia Open"]
[Site "Struga MKD"]
[Date "2010.07.22"]
[Round "7"]
[White "Ilic,Zo3"]
[Black "Koteski,D"]
[Result "1-0"]
[WhiteElo "2280"]
[BlackElo "2261"]

1.e4 d6 2.d4 g6 3.Nc3 Bg7 4.Be2 Nf6 5.g4 c6 6.Be3 Qa5 7.f3 b5 8.g5 Nfd7 9.Qd2 Nb6
10.f4 e5 11.Nf3 Bg4 12.O-O O-O 13.f5 b4 14.Nd1 Re8 15.dxe5 dxe5 16.Ne1 Bxe2
17.Qxe2 c5 18.h4 Qa6 19.Qf3 N8d7 20.h5 gxf5 21.Qxf5 Qc4 22.Nd3 Rac8 23.N1f2 Qe6
24.Qf3 Rf8 25.Ng4 Qc6 26.Qg2 Qe6 27.Rf5 Nc4 28.Raf1 Nxe3 29.Nxe3 Rfe8 30.Rxf7 Qxf7
31.Rxf7 Kxf7 32.g6+ Kg8  1-0

[Event "Andorra Open"]
[Site "La Massana AND"]
[Date "2010.07.23"]
[Round "7"]
[White "Hernandez Gallardo,F"]
[Black "Almeida Quintana,O"]
[Result "0-1"]
[WhiteElo "2332"]
[BlackElo "2559"]

1.e4 g6 2.d4 Bg7 3.Nc3 d6 4.Be3 a6 5.f4 b5 6.Nf3 Nd7 7.Bd3 Bb7 8.e5 c5 9.Be4 Bxe4
10.Nxe4 Nh6 11.exd6 Nf5 12.Bf2 O-O 13.Qd2 Nb6 14.b3 cxd4 15.Nxd4 Nxd6 16.Nxd6 Qxd6
17.O-O Nd5 18.f5 Rac8 19.Qe1 Nf4 20.Rd1 Qd5 21.Nf3 Qxf5 22.c4 bxc4 23.bxc4 Rxc4
24.Qxe7 Qg4 25.Bg3 Re4 26.Qd7 Ne2+ 27.Kf2 Nc3 28.Rd2 Re6  0-1

[Event "3rd Open"]
[Site "Paleochora GRE"]
[Date "2010.07.23"]
[Round "3"]
[White "Karaoulanis,D"]
[Black "Cruz Alvarez de Ron,D"]
[Result "1/2-1/2"]
[WhiteElo "1954"]
[BlackElo "2313"]

1.e4 g6 2.d4 Bg7 3.Nc3 d6 4.Be3 Nd7 5.Qd2 a6 6.h4 b5 7.O-O-O Bb7 8.f3 c5
9.dxc5 Nxc5 10.g4 Ne6 11.Nh3 Rc8 12.Nd5 Nf6 13.Nhf4 Nxf4 14.Nxf6+ Bxf6 15.Bxf4 Qb6
16.Be3 Qc6  1/2-1/2

[Event "Heini Olsen Memorial"]
[Site "Klaksvik FAI"]
[Date "2010.07.24"]
[Round "7"]
[White "Jones,G"]
[Black "Danielsen,Hen"]
[Result "0-1"]
[WhiteElo "2568"]
[BlackElo "2512"]

1.e4 d6 2.d4 g6 3.Nc3 Bg7 4.f4 Nf6 5.Nf3 O-O 6.Bd3 Na6 7.O-O c5 8.d5 Bg4
9.Bc4 Nc7 10.h3 Bxf3 11.Qxf3 a6 12.a4 b6 13.Qd3 e6 14.Rb1 exd5 15.exd5 Re8
16.Bd2 Qe7 17.Rbe1 Qd7 18.f5 Rxe1 19.Bxe1 g5 20.b4 cxb4 21.Ne4 b5 22.axb5 axb5
23.Bb3 Nxe4 24.Qxe4 Ne8 25.Qe3 h6 26.Bxb4 Nf6 27.Bc3 Re8 28.Qd3 Qa7+ 29.Bd4 Qa5
30.c3 b4 31.c4 Ra8 32.Qc2 Qd8 33.Qb2 Qe7 34.Bc2 Rb8 35.Ba4 Kh7 36.Bc6 Bh8
37.Qa1 b3 38.Re1 Qd8 39.Qa7 Kg8 40.Rb1 Bg7 41.Qa3 Ne4 42.Bxg7 Kxg7 43.Rxb3 Rxb3
44.Qxb3 Qf6 45.Qf3 Qd4+ 46.Kh2 Qxc4 47.Qe3 Nf6 48.Qd2 Qe4 49.g4 Qe5+ 50.Kg2 Ne4
51.Qe2 Kf6 52.Kf3 Nc3 53.Qd2 Qe4+ 54.Kf2 Qc4 55.Qb2 Ke5 56.Be8 f6 57.Bf7 Qa2
58.Qxa2 Nxa2 59.Kg3 Nc3 60.h4 Nxd5 61.hxg5 hxg5 62.Kf3 Kd4 63.Be8 Nb4 64.Bf7 Nd3
65.Be6 Ne5+ 66.Kg3 d5 67.Bg8 Ke4 68.Be6 d4 69.Bb3 Ke3  0-1

[Event "Andorra Open"]
[Site "La Massana AND"]
[Date "2010.07.24"]
[Round "8"]
[White "Konguvel,P"]
[Black "Almeida Quintana,O"]
[Result "0-1"]
[WhiteElo "2416"]
[BlackElo "2559"]

1.e4 g6 2.d4 Bg7 3.Nc3 d6 4.Be3 a6 5.h4 h5 6.Qd2 b5 7.Nh3 Bxh3 8.Rxh3 Nd7
9.a4 b4 10.Nd1 c5 11.c3 bxc3 12.Nxc3 cxd4 13.Bxd4 Ngf6 14.f4 O-O 15.Rd1 Qa5
16.Nd5 Qxd2+ 17.Rxd2 Nxd5 18.exd5 Rfb8 19.b3 Rb4 20.Bc4 Bxd4 21.Rxd4 Nb6
22.f5 Nxc4 23.bxc4 Rc8 24.Re3 Kf8 25.Rde4 Rc7 26.fxg6 fxg6 27.Rf4+ Ke8 28.Rf6 Rcxc4
29.Rfe6 Rb1+ 30.Kf2 Rf4+ 31.Kg3 Rg4+ 32.Kf3 Rf1+ 33.Ke2 Rf7 34.Rxd6 Rxg2+
35.Kd3 Rf5 36.Kc4 Rg4+ 37.Kc5 Rxa4 38.Rxg6 Ra5+ 39.Kc6 Raxd5 40.Rge6 Rd7
41.Rh6 Rfd5 42.Rh8+ Kf7 43.Rh7+ Kg6 44.Rhxe7 Rxe7 45.Rg3+ Kf5 46.Kxd5 Re5+
47.Kd6 Kf4 48.Ra3 a5 49.Ra4+ Kf5 50.Ra1 Re6+ 51.Kd5 Re4 52.Rf1+ Rf4 53.Re1 a4
54.Re8 Kg4 55.Ke5 Kf3 56.Ra8 Ke3 57.Ra5 Rxh4 58.Kf6 Rf4+ 59.Kg5 h4 60.Rc5 Rd4  0-1

[Event "21st Czech GM Open"]
[Site "Pardubice CZE"]
[Date "2010.07.24"]
[Round "2"]
[White "Koepke,C"]
[Black "Chernyshov,K"]
[Result "0-1"]
[WhiteElo "2381"]
[BlackElo "2578"]

1.e4 g6 2.d4 Bg7 3.Nc3 d6 4.Be3 c6 5.Qd2 b5 6.h4 h5 7.Nh3 Bxh3 8.Rxh3 Nd7
9.Bd3 Ngf6 10.f3 Rb8 11.O-O-O Qc7 12.Kb1 O-O 13.Ne2 c5 14.dxc5 dxc5 15.Nf4 Rfd8
16.Qf2 Nb6 17.Rhh1 Na4 18.Bc1 e6 19.Be2 Nd7 20.g3 Qa5 21.Qe3 Bd4 22.Rxd4 cxd4
23.Qf2 Ne5 24.g4 b4 25.Ka1 Nc3 26.a3 bxa3 27.b3 d3 28.Bxd3 Nxd3 29.Nxd3 Rxd3
30.cxd3 Rxb3 31.Qc2 Qb4 32.Bd2 a2 33.Bxc3 Rxc3 34.Qb2 Rb3  0-1

[Event "XIX ch-Macedonia Open"]
[Site "Struga MKD"]
[Date "2010.07.24"]
[Round "9"]
[White "Temkov,B"]
[Black "Koskoska,G"]
[Result "1/2-1/2"]
[WhiteElo "1960"]
[BlackElo "2152"]

1.e4 g6 2.d4 Bg7 3.Nc3 d6 4.Be3 Nd7 5.f4 c6 6.Nf3 b5 7.a3 Bb7 8.Bd3 Qc7 9.Qd2 a6
10.O-O Ngf6 11.h3 O-O  1/2-1/2

[Event "Andorra Open"]
[Site "La Massana AND"]
[Date "2010.07.25"]
[Round "9"]
[White "De la Riva Aguado,O"]
[Black "Hamdouchi,A"]
[Result "1/2-1/2"]
[WhiteElo "2532"]
[BlackElo "2319"]

1.e4 g6 2.d4 Bg7 3.Nc3 d6 4.Nf3 Nd7 5.Be3 a6 6.a4 e6 7.Qd2 b6 8.Bc4 Bb7 9.d5 e5
10.Qe2 Ngf6 11.Nd2 Nh5 12.g3  1/2-1/2

[Event "TCh-CHN"]
[Site "Shanghai CHN"]
[Date "2010.07.25"]
[Round "8"]
[White "Ding Yixin"]
[Black "Tan Zhongyi"]
[Result "1/2-1/2"]
[WhiteElo "2315"]
[BlackElo "2464"]

1.e4 d6 2.d4 g6 3.Nc3 Bg7 4.Nf3 a6 5.a4 Nf6 6.h3 O-O 7.Be3 Nc6 8.Be2 Re8
9.d5 Nb8 10.Qd2 e6 11.O-O exd5 12.exd5 Bf5 13.Nd4 Ne4 14.Nxe4 Bxe4 15.c4 c5
16.dxc6 Nxc6 17.Rfe1 Qf6 18.Rad1 Nxd4 19.Bxd4 Qxd4 20.Qxd4 Bxd4 21.Rxd4 Bc6
22.Rxd6 Bxa4 23.Kf1 Bc6 24.b4 Re5 25.f3 Rae8 26.Rd2 R8e7 27.Rb1 a5 28.bxa5 Rxa5
29.Kf2 Kg7 30.Rbb2 Ra3 31.Rd3 Rxd3 32.Bxd3 Kf6 33.f4 Ke6 34.Ke3 Kd7+ 35.Kd4 Re1
36.Rd2 Ke7  1/2-1/2

[Event "21st Czech GM Open"]
[Site "Pardubice CZE"]
[Date "2010.07.26"]
[Round "4"]
[White "Potapov,P"]
[Black "Chernyshov,K"]
[Result "1/2-1/2"]
[WhiteElo "2445"]
[BlackElo "2578"]

1.e4 g6 2.d4 Bg7 3.Nc3 d6 4.Be3 Nf6 5.Qd2 Ng4 6.Bg5 h6 7.Bh4 c6 8.h3 Nf6
9.f4 b5 10.Bd3 b4 11.Nce2 Qb6 12.Nf3 Ba6 13.Bf2 O-O 14.Ng3 Nbd7 15.O-O c5
16.e5 Nh7 17.a3 Bxd3 18.Qxd3 dxe5 19.dxe5 Rfd8 20.Qc4 bxa3 21.Rxa3 Nhf8 22.b3 Ne6
23.f5 Nd4 24.Bxd4 cxd4 25.Ra6 Rac8 26.fxg6 Rxc4 27.gxf7+ Kxf7 28.Rxb6 Nxb6
29.bxc4 Ke6 30.c5 Nc4 31.Ra1 Bxe5  1/2-1/2

[Event "TCh-MNE Premier League"]
[Site "Cetinje MNE"]
[Date "2010.07.27"]
[Round "4"]
[White "Pavlovic,Dej"]
[Black "Raicevic,M"]
[Result "1-0"]
[WhiteElo "2413"]
[BlackElo "2359"]

1.e4 g6 2.d4 Bg7 3.Nc3 d6 4.f4 a6 5.Nf3 b5 6.Be3 Nd7 7.Bd3 c5 8.e5 cxd4 9.Bxd4 e6
10.Ne4 d5 11.Nd6+ Kf8 12.Ng5 Bxe5 13.Ndxf7 Qa5+ 14.b4 Qxb4+ 15.c3 Qe7 16.fxe5 Kg7
17.O-O Nh6 18.Nxh6 Qxg5 19.Nf7  1-0

[Event "Open ch-BUL w"]
[Site "Vratsa BUL"]
[Date "2010.07.27"]
[Round "4"]
[White "Videnova,I"]
[Black "Stefanova,M"]
[Result "1-0"]
[WhiteElo "2304"]
[BlackElo "1992"]

1.e4 g6 2.d4 Bg7 3.Nc3 d6 4.f4 e5 5.dxe5 dxe5 6.Qxd8+ Kxd8 7.fxe5 Bxe5 8.Bg5+ f6
9.O-O-O+ Nd7 10.Be3 c6 11.Nf3 Kc7 12.Nxe5 fxe5 13.Be2 Ngf6 14.Rhf1 h6 15.Bc5 Nxc5
16.Rxf6 Bd7 17.Rxg6 Rag8 18.Rdd6 Be6 19.Rdxe6 Nxe6 20.Rxe6 Rxg2 21.h4 h5
22.Rxe5 Rg1+ 23.Nd1 Kd6 24.Rxh5 Rxh5 25.Bxh5 Rh1 26.Bg6 Rxh4 27.Nf2 Ke5 28.Kd2 Rh2
29.Ke3 Rg2 30.Bh5 Kd6 31.Be2 Rg1 32.Nd3 b6 33.Bf3 c5 34.c4 b5 35.e5+ Ke7
36.Nxc5 bxc4 37.Bd5 Rb1 38.Na4 Rc1 39.Kd4  1-0

[Event "97th ch-GBR"]
[Site "Canterbury ENG"]
[Date "2010.07.28"]
[Round "3"]
[White "Sathyanandha,Sa"]
[Black "Jaunooby,A"]
[Result "0-1"]
[WhiteElo "1986"]
[BlackElo "2155"]

1.e4 g6 2.d4 Bg7 3.Nc3 d6 4.Be3 a6 5.Qd2 b5 6.a4 b4 7.Nd1 a5 8.c3 Nf6 9.f3 Na6
10.Bb5+ Nd7 11.Ne2 c5 12.dxc5 Nxc5 13.Bxc5 dxc5 14.Qd5 Rb8 15.Qxc5 Ba6 16.Qd5 Bxb5
17.axb5 Qb6 18.Nf2 e6 19.Qc6 Qxb5 20.Qxb5 Rxb5 21.Nd4 Rc5 22.Nd3 bxc3 23.Nxc5 cxb2
24.Rd1 Nxc5 25.Nc6 O-O 26.Nxa5 Bc3+ 27.Ke2 Bxa5 28.Rd6 Na4 29.Ra6 Rc8  0-1